Загрузка...

Lokacharitra samgraham

Библиографические подробности
Главный автор: Wells , H G
Язык:English
Опубликовано: Kottayam National book stall 1943
Предметы:
LEADER 00319nam a22001337a 4500
008 181009b ||||| |||| 00| 0 eng d
999 |c 298997  |d 298997 
082 |a 909 
100 |a Wells , H G 
245 |a Lokacharitra samgraham 
260 |a Kottayam  |b National book stall  |c 1943 
300 |a 623p 
650 |a World history 
942 |c BK